Flaggen, die den Union Jack enthalten - Statistiken

Allgemein
  • Dieses Quiz wurde 144 mal gespielt
  • Das Durchschnittsergebnis liegt bei 8 aus 19
Antwortstatistiken
Bildquiz Antwort % Korrekt
Neuseeland
98%
Australien
88%
Vereinigtes Königreich
79%
Fidschi
74%
Tuvalu
66%
Bermuda
50%
Cookinseln
47%
Anguilla
42%
Niue
41%
Britische Jungferninseln
40%
Montserrat
33%
Falklandinseln
32%
Pitcairninseln
28%
Britisches Territorium im indischen Ozean
27%
St. Helena, Ascension & Tristan da Cunha
26%
Turks- und Caicosinseln
26%
Kaimaninseln
23%
Südgeorgien und die südlichen Sandwichinseln
18%
Britisches Antarktisterritorium
12%
Keine übereinstimmenden Quizze gefunden
Verteilung der Resultate
Anzahl Personen mit jedem Resultat
Perzentil nach korrekt beantworteten Fragen
Ihre Resultats-Entwicklung
Sie haben dieses Quiz noch nicht gespielt